| 000 | 00577nam a2200169 i 4500 | ||
|---|---|---|---|
| 001 | 40517 | ||
| 003 | ES-MaACL | ||
| 005 | 20230906160237.0 | ||
| 007 | t| | ||
| 008 | 030306s1958 sp ||||1| spa d | ||
| 100 | 1 |
_aCardoso de Menezes, Eurípides. _935205 |
|
| 245 | 1 | 6 |
_aA los hermanos separados / _cEurípides Cardoso de Menezes ; versión española de Joaquín Arellano. |
| 260 |
_aMadrid : _bApostolado de la Prensa, _c[1958] ( _fJulio Fernández Hernández) |
||
| 300 |
_a158 p. ; _c18 cm. |
||
| 700 | 1 |
_aArellano, Joaquin. _922582 |
|
| 852 |
_aES-MaACL _jC-16342 _bR.43586 |
||
| 999 |
_c40517 _d40517 |
||